Demographic change in Asia <the> impact on optimal national saving, investment, and the current account

Guardado en:
Detalles Bibliográficos
Autor principal: Besanger, Serge
Otros Autores: Guest, Ross. S., McDonald, Ian
Formato: Libro
Lenguaje:inglés
Publicado: Washington International Monetary Fund 2000
Colección:IMF Working Paper WP/00/115
Materias:
Etiquetas: Agregar Etiqueta
Sin Etiquetas, Sea el primero en etiquetar este registro!

MARC

LEADER 00000nam a2200000 4500
001 c124314
005 20221221081958.6
041 0 |a eng 
044 |a US 
245 1 0 |a Demographic change in Asia  |b <the> impact on optimal national saving, investment, and the current account  |c Serge Besanger, Ross. S. Guest and Ian McDonald 
264 1 |a Washington  |b International Monetary Fund  |c 2000 
300 |a 42 s. 
490 1 |a IMF Working Paper  |v WP/00/115 
830 0 |a IMF Working Paper  |v WP/00/115 
610 2 0 |a demografia 
610 2 0 |a úspory 
610 2 0 |a investície 
610 2 0 |a účty bežné 
610 2 0 |a Ázia 
610 2 0 |a obyvateľstvo 
100 1 |a Besanger, Serge 
700 1 |a Guest, Ross. S. 
700 1 |a McDonald, Ian